Purposive communication in the NOW / (Record no. 78873)

MARC details
000 -LEADER
fixed length control field 00729nam a2200229Ia 4500
003 - CONTROL NUMBER IDENTIFIER
control field URS
005 - DATE AND TIME OF LATEST TRANSACTION
control field 20260205102010.0
008 - FIXED-LENGTH DATA ELEMENTS--GENERAL INFORMATION
fixed length control field 240418t2022 ph 000 0 und d
020 ## - INTERNATIONAL STANDARD BOOK NUMBER
International Standard Book Number 9786214091898
040 ## - CATALOGING SOURCE
Language of cataloging English
Transcribing agency URS
Description conventions rda
050 ## - LIBRARY OF CONGRESS CALL NUMBER
Classification number P90
Item number .Af83 2022
082 ## - DEWEY DECIMAL CLASSIFICATION NUMBER
Classification number Af831 2022
100 ## - MAIN ENTRY--PERSONAL NAME
Personal name Africa, Augusto C.,
Relator term author.
245 #0 - TITLE STATEMENT
Title Purposive communication in the NOW /
Statement of responsibility, etc Augusto C. Africa.
264 ## - PUBLICATION, DISTRIBUTION, ETC. (IMPRINT)
Place of publication, distribution, etc Mandaluyong City :
Name of publisher, distributor, etc Books Atbp. Publishing Corp.,
Date of publication, distribution, etc ©2022.
300 ## - PHYSICAL DESCRIPTION
Extent xvi, 210 pages ;
Dimensions 23 cm.
336 ## - CONTENT TYPE
Content type term text
Content type code txt
Source rdacontent
337 ## - MEDIA TYPE
Media type term unmediated
Media type code n
Source rdamedia
338 ## - CARRIER TYPE
Carrier type term volume
Carrier type code nc
Source rdacarrier
504 ## - BIBLIOGRAPHY, ETC. NOTE
Bibliography, etc Includes bibliographical references (page 202) and appendices.
942 ## - ADDED ENTRY ELEMENTS (KOHA)
Koha item type Filipiniana
Source of classification or shelving scheme Library of Congress Classification
Holdings
Withdrawn status Lost status Source of classification or shelving scheme Damaged status Not for loan Collection code Home library Current library Shelving location Date acquired Source of acquisition Total Checkouts Full call number Barcode Date last seen Copy number Koha item type Price effective from
    Dewey Decimal Classification       Pililla College Library Pililla College Library Filipiniana Section 04/20/2024     420 Af831 2022 URSPIL-7069 04/20/2024   Reserved Books 04/20/2024
    Library of Congress Classification     Non-fiction Taytay College Library Taytay College Library Filipiniana Section 10/08/2025 Purchased   P90 .Af83 2022 URSTAY-5232 06/02/2025 1 Filipiniana  
    Library of Congress Classification     Non-fiction Taytay College Library Taytay College Library Filipiniana Section 10/08/2025 Purchased   P90 .Af83 2022 URSTAY-5233 02/05/2026 2 Filipiniana  

University of Rizal System
Email us at univlibservices@urs.edu.ph

Visit our Website www.urs.edu.ph/library